000 00340nam a2200145Ia 4500
008 230917s9999||||xx |||||||||||||| ||und||
040 _e114308
_aMAIN
041 _aEnglish
082 _a823.7 E44S
100 _aEliot, George
245 0 _aSilas marner
260 _aNew Delhi
_bViva books
_c2007
300 _avii,197p p.
942 _cBK
999 _c140743
_d140743